Statystyki dla z jakiego anime są te postacie? trudne

Kliknij tutaj aby rozwiązać quiz!

Ogólne statystyki

  • Ten quiz został rozwiązany 159 razy
  • Średni wynik to 5 z 15

Statystyki odpowiedzi

HintOdpowiedź% Poprawnych
zetsunaruto
74%
subarurezero
69%
buggyone piece
62%
Maki Zen'injujutsu kaisen
50%
griffithberserk
48%
gilgameshfate
40%
ginghunter x hunter
37%
gowtherseven deadly sins
34%
Nelliel Tu Odelschwanckbleach
24%
Charmy Pappitsonblack clover
23%
Hawluchapokemon
22%
kleinsword art online
22%
maki ozefire force
10%
Kotaro Katsuragintama
9%
hideki hinataangel beats
4%

Rozkład punktacji

Percentyl według liczby udzielonych odpowiedzi

Procent ludzi z każdym wynikiem

Twoja historia wyników

Nie rozwiązałeś tego quizu